<?xml version="1.0" encoding="UTF-8"?>
<collection xmlns="http://www.loc.gov/MARC21/slim">
 <record>
  <leader>01121pam a22002898a 4500</leader>
  <controlfield tag="001">00026704</controlfield>
  <controlfield tag="005">20171026081025.0</controlfield>
  <controlfield tag="008">110816s2002                  ||||||viesd</controlfield>
  <datafield tag="020" ind1=" " ind2=" ">
   <subfield code="c">4300</subfield>
  </datafield>
  <datafield tag="041" ind1="0" ind2="#">
   <subfield code="a">vie</subfield>
  </datafield>
  <datafield tag="082" ind1="1" ind2="4">
   <subfield code="a">780.71</subfield>
   <subfield code="b">Â120NH</subfield>
  </datafield>
  <datafield tag="245" ind1="0" ind2="0">
   <subfield code="a">Âm nhạc 6</subfield>
   <subfield code="b">Sách giáo viên</subfield>
   <subfield code="c">Hoàng Long (ch.b.), Lê Minh Châu</subfield>
  </datafield>
  <datafield tag="260" ind1="#" ind2="#">
   <subfield code="a">H.</subfield>
   <subfield code="b">Giáo dục</subfield>
   <subfield code="c">2002</subfield>
  </datafield>
  <datafield tag="300" ind1="#" ind2="#">
   <subfield code="a">103 tr.</subfield>
   <subfield code="b">hình vẽ</subfield>
   <subfield code="c">24 cm.</subfield>
  </datafield>
  <datafield tag="500" ind1="#" ind2="#">
   <subfield code="a">ĐTTS ghi: Bộ Giáo dục và Đào tạo</subfield>
  </datafield>
  <datafield tag="650" ind1="#" ind2="4">
   <subfield code="a">Lớp 6</subfield>
  </datafield>
  <datafield tag="650" ind1="#" ind2="4">
   <subfield code="a">Âm nhạc</subfield>
  </datafield>
  <datafield tag="650" ind1="#" ind2="4">
   <subfield code="a">Sách giáo viên</subfield>
  </datafield>
  <datafield tag="700" ind1="1" ind2="#">
   <subfield code="a">Hoàng Long</subfield>
   <subfield code="e">(ch.b.)</subfield>
  </datafield>
  <datafield tag="700" ind1="1" ind2="#">
   <subfield code="a">Lê Minh Châu</subfield>
  </datafield>
  <datafield tag="852" ind1="#" ind2="#">
   <subfield code="b">Kho giáo trình</subfield>
   <subfield code="j">KGT.0031426, KGT.0031427, KGT.0031428, KGT.0031429, KGT.0031430, KGT.0031431, KGT.0031432, KGT.0031433, KGT.0031434, KGT.0031435</subfield>
  </datafield>
  <datafield tag="852" ind1="#" ind2="#">
   <subfield code="b">Kho mượn</subfield>
   <subfield code="j">KGT.0031426</subfield>
  </datafield>
  <datafield tag="852" ind1="#" ind2="#">
   <subfield code="j">KGT.0031427</subfield>
   <subfield code="j">KGT.0031429</subfield>
   <subfield code="j">KGT.0031430</subfield>
   <subfield code="j">KGT.0031432</subfield>
   <subfield code="j">KGT.0031433</subfield>
   <subfield code="j">KGT.0031434</subfield>
   <subfield code="j">KGT.0031435</subfield>
   <subfield code="j">KGT.0031426</subfield>
   <subfield code="j">KGT.0031428</subfield>
   <subfield code="j">KGT.0031431</subfield>
  </datafield>
  <datafield tag="910" ind1=" " ind2=" ">
   <subfield code="d">16/08/2011</subfield>
  </datafield>
  <datafield tag="980" ind1="#" ind2="#">
   <subfield code="a">Trung tâm Học liệu Lê Vũ Hùng, Trường Đại học Đồng Tháp</subfield>
  </datafield>
 </record>
</collection>
